000 00593pam a2200217 a 4500
020 _c
040 _aDental College Lib
041 _aeng
_heng
082 _a617.643
_bGRA
100 _aGraber , T.M. .
245 _aOrthodontics Current principles and Techniques /
_c.
_hTextual Documents
260 _aNew Delhi :
_bJaypee Brothers Medical Publishers (P) Ltd. ,
_c1994.
300 _a260 ;
_c.
365 _a500.00
653 _aOrthodontics
700 _aSwain, B.F. .
907 _a1306
930 _a1361
999 _c40764
_d40764